Major Douglas-fir habitat types of central Idaho a summary of succession and management /

Saved in:
Bibliographic Details
Main Author: Steele, Robert W.
Corporate Author: Intermountain Research Station (Ogden, Utah)
Other Authors: Geier-Hayes, Kathleen.
Format: Book
Language:English
Published: Ogden, UT : U.S. Dept. of Agriculture, Forest Service, Intermountain Research Station, [1995]
Series:General technical report INT ; 331.
Subjects:
Tags: Add Tag
No Tags, Be the first to tag this record!
LEADER 01358cam a2200361Ia 4500
001 007161596-2
005 20020606163548.3
008 980108s1995 utuab bb f000 0 eng d
035 0 |a ocm38171375 
040 |a ORZ  |c ORZ  |d SPI  |d OCL  |d HLS 
043 |a n-us-id 
074 |a 0083-B-06 (MF) 
086 0 |a A 13.88:INT-GTR-331 
100 1 |a Steele, Robert W.  |q (Robert Wilbur) 
245 1 0 |a Major Douglas-fir habitat types of central Idaho  |h [microform] :  |b a summary of succession and management /  |c Robert Steele, Kathleen Geier-Hayes. 
246 2 |a Major Douglas fir habitat types of central Idaho 
260 |a Ogden, UT :  |b U.S. Dept. of Agriculture, Forest Service, Intermountain Research Station,  |c [1995] 
300 |a 23 p. :  |b ill., map ;  |c 28 cm. 
490 1 |a General technical report INT ;  |v GTR-331 
500 |a Cover title. 
500 |a "December 1995." 
504 |a Includes bibliographical references (p. 20-23). 
650 0 |a Douglas fir  |x Habitat  |z Idaho. 
650 0 |a Plant communities  |z Idaho. 
650 0 |a Forest ecology  |z Idaho. 
650 0 |a Forest management  |z Idaho. 
650 0 |a Plant succession  |z Idaho. 
650 0 |a Forest regeneration  |z Idaho. 
700 1 |a Geier-Hayes, Kathleen. 
710 2 |a Intermountain Research Station (Ogden, Utah) 
830 0 |a General technical report INT ;  |v 331. 
988 |a 20020608 
906 |0 OCLC